000 00940nam a2200289 c 4500
999 _c343791
_d343791
003 BLK
005 20200422090356.0
008 180911b bul|||||r ||||||| ||bul||
010 _a003452
040 _aBLK
041 _aDEU
_cBUL
080 _z246.57.04949.5
100 1 _aPROTIC, Andrej
_eпърви автор
_921764
245 0 0 _aIkonographie und bysantinische Kunst
246 _aEin Beitrag zum Untersuchungs-Verfahren der Kunstwissenschaft
250 _a3. изд
260 _aSofia
_c1943
_fStaatsdrukerei
300 _a61 с. : с ил
_c33 см
380 _a2
490 _aЧастна колекция - Академик Михаил Арнаудов
_gДарение - Основен фонд
500 _aАвтограф с текст: На М. Арнаудов Андрей Протич 6. III. 943
650 _aИстория
_9399417
655 _aРелигии
_9396805
700 1 _aAndrej Protitch
_9399418
852 _aМА 2971
_bМА
942 _cKNG
_n0
_s1
944 _aCR
_c1994
999 _d343791
999 _d343791